000 00700nam a2200253Ia 4500
003 OSt
005 20220925212923.0
006 a|||||r|||| 00| 0
007 ta
008 220923b |||||||| |||| 00| 0 eng d
020 _a0 485 30072 9
037 _cGeneral Book
040 _aRTL
_cRTL
_beng
041 _2eng
_aeng
082 _aY.3.N, N6
100 _aStocking George W
_9125380
245 0 _aAfter Tylor
_b British social anthropology, 1888-1951
260 _aLondon
_bAthlones
_c1996
300 _axx,570p
_ccm.
500 _aBibliography: p 477-527
650 _aSociology
942 _hY.3.N, N6
_cGB
_2CC
999 _c561583
_d561583